Capital Relocation - Statistics

General Stats
  • This quiz has been taken 1,177 times
    420 since last reset
  • The average score is 15 of 43
Answer Stats
Year Country From To % Correct
1923 Turkey Istanbul Ankara
82%
1596 Poland Kraków Warsaw
82%
1918 Russia St Petersburg Moscow
82%
1961 Brazil Rio de Janeiro Brasilia
80%
1800 United States Philadelphia Washington, D.C.
79%
1868 Japan Kyoto Tokyo
77%
1865 New Zealand Auckland Wellington
74%
1927 Australia Melbourne Canberra
74%
1991 Nigeria Lagos Abuja
72%
1999 Germany Bonn Berlin
67%
1996 Tanzania Dar es Salaam Dodoma
60%
1911 India Calcutta New Delhi
59%
2005 Myanmar Rangoon Naypyidaw
59%
1997 Kazakhstan Almaty Astana
57%
1970 Belize Belize City Belmopan
49%
1857 Canada Québec City Ottawa
48%
1983 Côte d'Ivoire Abidjan Yamoussoukro
47%
2017 Burundi Bujumbura Gitega
39%
1939 Lithuania Kaunas Vilnius
35%
1812 Finland Turku Helsinki
35%
1949 Republic of China Nanking Taipei
34%
1776 Afghanistan Kandahar Kabul
33%
1930 Uzbekistan Samarkand Tashkent
29%
1966 Pakistan Rawalpindi Islamabad
18%
1975 Laos Luang Prabang Vientiane
14%
1949 Indonesia Yogyakarta Jakarta
13%
2006 Palau Koror Ngerulmud
11%
1946 Montenegro Cetinje Podgorica
10%
1970 Oman Salalah Muscat
8%
1834 Greece Nafplion Athens
7%
1872 Jamaica Spanish Town Kingston
6%
1877 Ghana Cape Coast Accra
5%
1974 Malawi Zomba Lilongwe
5%
1880 Honduras Comayagua Tegucigalpa
3%
1989 Federated States of Micronesia Kolonia Palikir
3%
1907 Bhutan Punakha Thimpu
3%
1784 Trinidad and Tobago San Jose Port of Spain
3%
1858 Cape Verde Cidade Velha Praia
2%
1818 Saudi Arabia Diriyah Riyadh
2%
1628 Barbados Jamestown Bridgetown
2%
1897 Togo Aneho Lome
1%
1974 Guinea Bissau Madina do Boe Bissau
1%
1965 Botswana Mafeking Gaborone
1%
No matching quizzes found
Score Distribution
Percent of People with Each Score
Percentile by Number Answered
Your Score History
You have not taken this quiz since the last reset